|
|
|
|
| LEADER |
00000cam a2200000 a 4500 |
| 001 |
vtls001287204 |
| 003 |
SK-MaSNL |
| 005 |
20260301234917.0 |
| 008 |
250313s1941 xo 000 f slo |
| 015 |
|
|
|a SNBA1941
|
| 035 |
|
|
|a SNK000238773
|
| 035 |
|
|
|a urn:nbn:sk:snk-am3htdu
|
| 035 |
|
|
|a C9711159-0F93-4948-ADC7-346FB997920C
|
| 035 |
|
|
|a urn:nbn:sk:snk-am00d8mm
|
| 040 |
|
|
|a SNK
|b slo
|c SNK
|e AACR2
|
| 041 |
0 |
|
|a slo
|
| 044 |
|
|
|a xo
|c SK
|
| 080 |
|
|
|a 821.162.4-32
|2 2001
|
| 100 |
1 |
|
|a Vansová, Terézia,
|d 1857-1942
|4 aut
|9 107793
|
| 245 |
1 |
0 |
|a Novely
|b Hojže Bože! - Chovanica - Suplikant
|c Terézia Vansová
|
| 260 |
|
|
|a V Liptovskom Sv. Mikuláši
|b Tranoscius
|c 1941
|
| 300 |
|
|
|a 168 s.
|c 20 cm
|
| 490 |
1 |
|
|a Sobrané spisy Terézie Vansovej
|v sv. 4
|
| 500 |
|
|
|a Obsahuje 3 diela
|
| 655 |
|
7 |
|a slovenské novely
|2 SNKPH
|9 70570
|
| 700 |
1 |
|
|a Mráz, Andrej,
|d 1904-1964
|4 red
|9 101700
|
| 740 |
0 |
2 |
|a Hojže Bože!
|
| 740 |
0 |
2 |
|a Chovanica
|
| 740 |
0 |
2 |
|a Suplikant
|
| 752 |
|
|
|a Slovensko
|d Liptovský Mikuláš
|
| 800 |
1 |
|
|a Vansová, Terézia,
|d 1857-1942
|t Sobrané spisy
|9 348246
|
| 852 |
|
|
|a Slovenská národná knižnica
|
| 954 |
|
|
|a beletria pôvodná (slovenská)
|2 lita
|
| 958 |
|
|
|a OND
|
| 999 |
|
|
|c 972439
|d 974369
|
| 952 |
|
|
|t P60, <04>, [BOOK], {604}
|a SNK
|b SNK
|y VYP
|7 0
|p 17A0060364
|o snkSD 4608/4 D2
|0 0
|1 0
|4 0
|d 1997-05-16
|l 0
|r 2005-01-02 00:00:00
|w 2026-02-24
|
| 952 |
|
|
|t P60, <04>, [BOOK], {604}
|a SNK
|b SNK
|y VYP
|7 0
|p 17A0060365
|o snkSD 4608/4 D1
|0 0
|1 0
|4 0
|d 1997-05-16
|l 0
|r 2005-01-02 00:00:00
|w 2026-02-24
|
| 952 |
|
|
|a SNK
|b SNK
|y PREZ
|7 0
|p 17A0907735
|o snkSD 4608/4
|i snk81/42
|0 0
|1 0
|4 0
|d 2018-05-14
|f 1
|l 0
|r 2025-11-11 00:00:00
|w 2026-02-24
|